Rozpoznaj kraj na podstawie najdroższego piłkarza - Statystyki

Ogólne statystyki
  • Ten quiz został rozwiązany 131 razy
    53 od ostatniego zresetowania
  • Średni wynik to 38 z 62
Statystyki odpowiedzi
Piłkarz Wartość w mln Kraj % Poprawnych
Jude Bellingham 180 Anglia
100%
Vinicius Júnior 200 Brazylia
100%
Kylian Mbappé 160 Francja
100%
Lamine Yamal 180 Hiszpania
100%
Erling Haaland 200 Norwegia
100%
Florian Wirtz / Jamal Musiala 140 Niemcy
98%
Lautaro Martínez 100 Argentyna
94%
Chwicza Kwaracchelia 85 Gruzja
92%
Rafael Leão / Rúben Dias 75 Portugalia
92%
Nicolò Barella 80 Włochy
92%
Alexander Isak / Viktor Gyökeres 75 Szwecja
90%
Federico Valverde 130 Urugwaj
90%
Dominik Szoboszlai 75 Węgry
88%
Jakub Kiwior / Matty Cash 28 Polska
86%
Joško Gvardiol 75 Chorwacja
84%
Kim Min-jae 45 Korea Południowa
84%
Achraf Hakimi 60 Maroko
84%
Rasmus Højlund 60 Dania
82%
Xavi Simons 80 Holandia
82%
Victor Osimhen 75 Nigeria
82%
Dušan Vlahović 60 Serbia
82%
Christian Pulisic 50 Stany Zjednoczone
80%
Arda Güler / Kenan Yıldız 45 Turcja
80%
Alphonso Davies 50 Kanada
78%
Luis Díaz 85 Kolumbia
78%
Scott McTominay 40 Szkocja
78%
Jérémy Doku / Loïs Openda 60 Belgia
74%
Aleksandr Gołowin 30 Rosja
72%
Manuel Akanji / Gregor Kobel 40 Szwajcaria
72%
Tomáš Souček 24 Czechy
66%
Kaoru Mitoma 45 Japonia
62%
Benjamin Šeško 50 Słowenia
62%
Omar Marmoush 60 Egipt
60%
Moisés Caicedo 80 Ekwador
58%
Evan Ferguson 40 Irlandia
54%
Albert Guðmundsson 28 Islandia
52%
Mohammed Kudus 50 Ghana
48%
Leon Bailey 38 Jamajka
48%
Nicolas Jackson 55 Senegal
48%
Xaver Schlager 28 Austria
44%
Dávid Hancko 35 Słowacja
44%
Brennan Johnson 50 Walia
44%
Radu Drăgușin 25 Rumunia
42%
Wangelis Pawlidis 23 Grecja
36%
Edmond Tapsoba 40 Burkina Faso
34%
Santiago Giménez 37 Meksyk
34%
Illa Zabarny 38 Ukraina
34%
Ermedin Demirović 28 Bośnia i Hercegowina
32%
Bryan Mbeumo 50 Kamerun
32%
Ousmane Diomande 40 Wybrzeże Kości Słoniowej
32%
Rayan Aït-Nouri 35 Algieria
30%
Julio Enciso 22 Paragwaj
30%
Serhou Guirassy 40 Gwinea
28%
Conor Bradley 20 Irlandia Północna
28%
Yoane Wissa 28 Demokratyczna Republika Konga
24%
Edon Zhegrova 25 Kosowo
24%
Yangel Herrera 20 Wenezuela
24%
Oscar Gloukh 22 Izrael
22%
Yankuba Minteh 28 Gambia
20%
Cheick Doucouré / Yves Bissouma 35 Mali
20%
Eduard Spercjan 20 Armenia
18%
Beto 20 Gwinea Bissau
10%
Nie znaleziono quizów pasujących do podanych kryteriów
Rozkład punktacji
Procent ludzi z każdym wynikiem
Percentyl według liczby udzielonych odpowiedzi
Twoja historia wyników
Nie rozwiązałeś tego quizu od ostatniego zresetowania